000 00370nam a2200157Ia 4500
008 230524s9999 xx 000 0 und d
082 _a621.382
_bKUM
100 _aR Kumaravelan
245 0 _aEngineering Mechanics
250 _a1ST
260 _aNEW DELHI
_bScitech
_c2008
300 _aXI;824
500 _aQuantity Number: 5
650 _aMechanics
942 _cBK
999 _c39603
_d39603